Sun Tzu and the art of business : six strategic principles for managers.
| Main Author: | |
|---|---|
| Format: | Book |
| Published: |
New York:
Oxford University Press,
2012.
|
| Edition: | Revised ed.. |
| Subjects: |
| LEADER | 00477cam a2200157 7i4500 | ||
|---|---|---|---|
| 001 | 0000030989 | ||
| 005 | 20140811090000.0 | ||
| 020 | 0 | 0 | |a 9780199782918 |
| 090 | 0 | 0 | |a B 658.4012 |b MCN |
| 100 | 1 | 0 | |a Mc Neilly |
| 245 | 1 | 0 | |a Sun Tzu and the art of business : |b six strategic principles for managers. |
| 250 | 0 | 0 | |a Revised ed.. |
| 260 | 0 | 0 | |a New York: |b Oxford University Press, |c 2012. |
| 300 | # | # | |a 330 p. |
| 650 | 0 | 0 | |a Strategic planning |
| 999 | |a B000034270 |b Book |c Book |e Business Information Centre | ||


